Εθνική Τράπεζα της Ελλάδος Α.Ε. / Ετήσια Οικονομική Επισκόπηση 1998-1999 (Record no. 5196)
[ view plain ]
| 000 -LEADER | |
|---|---|
| fixed length control field | 01525cam a22001814a 4500 |
| 005 - ΗΜΕΡΟΜΗΝΙΑ ΚΑΙ ΩΡΑ ΤΕΛΕΥΤΑΙΑΣ ΕΝΗΜΕΡΩΣΗΣ | |
| Πεδίο ελέγχου | 20250605163454.0 |
| 008 - FIXED-LENGTH DATA ELEMENTS--GENERAL INFORMATION | |
| Πεδίο ελέγχου σταθερού μήκους | 250528s ||||||||||||||||||||||||d |
| 035 ## - SYSTEM CONTROL NUMBER | |
| System control number | 19960 |
| 040 ## - ΠΗΓΗ ΚΑΤΑΛΟΓΟΓΡΑΦΗΣΗΣ | |
| Φορέας πρωτότυπης καταλογογράφησης | MC Athens Campus Library |
| Γλώσσα καταλογογράφησης | Ελληνικά, Μοντέρνα (1453-) |
| Modifying agency | MC Athens Campus Library |
| Κανόνες περιγραφικής καταλογογράφησης | AACR2 |
| 245 1# - ΤΙΤΛΟΣ ΚΑΙ ΔΗΛΩΣΗ ΥΠΕΥΘΥΝΟΤΗΤΑΣ | |
| Τίτλος | Εθνική Τράπεζα της Ελλάδος Α.Ε. / Ετήσια Οικονομική Επισκόπηση 1998-1999 |
| 250 ## - EDITION STATEMENT | |
| Edition statement | 1999 |
| 260 ## - PUBLICATION, DISTRIBUTION, ETC. | |
| Name of publisher, distributor, etc. | Εθνική Τράπεζα Της Ελλάδος, |
| Date of publication, distribution, etc. | 1999 |
| 300 ## - PHYSICAL DESCRIPTION | |
| Extent | 112 |
| 520 ## - SUMMARY, ETC. | |
| Summary, etc. | 1999: Έτος αξιολόγησης για την είσοδο της Ελλάδας στην ΟΝΕ, Μακροοικονομικές Εξελίξεις, Ακαθάριστο Εγχώριο Προϊόν, Πληθωρισμός, Αγορά Εργασίας, Νομισματική Πολιτική και Επιτόκια, Ισοζύγιο Τρεχουσών Συναλλαγών, Συναλλαγματική Ισοτιμία, Δημοσιονομική Πολιτική, Διαρθρωτικές Αλλαγές, Εξελίξεις στο Χρηματοπιστωτικό Τομέα, Το Χρηματιστήριο, Αλλαγές στο Ελεγκτικό-Θεσμικό και Λειτουργικό Πλαίσιο του Χρηματιστηρίου, Αμοιβαία Κεφάλαια, Εξελίξεις στον Ελληνικό Τραπεζικό Τομέα, Τίτλοι Σταθερού Εισοδήματος, Μεγέθη της Ελληνικής Οικονομίας. |
| 942 ## - ADDED ENTRY ELEMENTS (KOHA) | |
| Koha item type | Books |
| Τύπος τεκμηρίου | Βιβλιοθήκη | Τρέχουσα τοποθεσία | Barcode | Αριθμός εισαγωγής | Ημερομηνία απόκτησης | Ταξιθετικό σύμβολο | Αριθμός αντιτύπου | Κατάσταση απόσυρσης | Κατάσταση χαμένου | Κατάσταση κατεστραμμένου | Μη δανεισμός | Σύνολο δανεισμών | Ημερομηνία τελευταίας εμφάνισης | Η τιμή ισχύει από |
|---|---|---|---|---|---|---|---|---|---|---|---|---|---|---|
| Books | MC Athens Campus Library | MC Athens Campus Library | 9780000051950 | 6169 | 05/06/2025 | 332.109 GRE | 1 | 05/06/2025 | 05/06/2025 |